000 01651nam0a2200325 4500
001 RU\NLR\bibl\1663579
005 20250616041952.0
010 _a978-5-7904-1021-5
_9100
021 _aRU
_b2010-51095
_93371
035 _a(NLR Aleph) 001654861
090 _a944847
_c944847
100 _a20100813d2010 |||y0rusy50 ca
101 0 _arus
102 _aRU
105 _aa |||||||||
200 1 _aДифференциальные уравнения в математическом моделировании
_eмодели и методы исследования
_eучебное пособие
_fО.П. Бушманова, А.С. Рудометова
_gМ-во образования и науки Рос. Федерации, Алт. гос. ун-т
210 _aБарнаул
_cИзд-во Алтайского государственного университета
_d2010
215 _a107, [1] с.
_cил.
_d21
313 _aРассматриваются обыкновенные дифф. уравнения
320 _aБиблиогр.: с. 104-108 (41 назв.)
606 1 _aОбыкновенные дифференциальные уравнения
_jУчебные издания для высших учебных заведений
_xРешение
_92240998
_3RU\NLR\auth\661344732
686 _aВ192.162я73-1
700 1 _aБушманова
_bО. П.
_gОльга Павловна
_4070
701 1 _aРудометова
_bА. С.
_gАнна Сергеевна
_4070
801 0 _aRU
_bNLR
_c20100813
_gRCR
801 1 _aRU
_bNLR
_c20100813
830 _aавт. по кн.
942 _cBOOK
980 _aNB